000 00860nam a2200289 a 4500
999 _c2010
_d2010
003 OSt
005 20190627112252.0
008 131105s1994 sz ||||| |||| 00| 0 eng d
040 _cBiblioteca Medicina
041 _aeng
082 _aOMS QV 748
100 1 _ade Vries, T. P.
_92807
110 _aOrganizacion Mundial de la Salud
_91006
245 0 0 _aGuide to good prescribing
250 _a1° ed.
260 _aGinebra
_bOrganizacion Mundial de la Salud
_c1995
300 _a108 p.
500 _aBaja Depósito Caja 33 Junio 2019
546 _aTexto en ingles
653 _aPREPARACIONES FARMACEUTICAS-PREPARACION & DOSIFICACION
653 _aMEDICAMENTOS-PRESCRIPCION
700 1 0 _aHenning, R. H.
_9391
700 1 0 _aHogerzeil, H. V.
_9392
700 1 0 _aFresle, D. A.
_9393
856 _yhttp://www.who.int/publications/es/
942 _2ddc
_cPH